[Event "8eme Open International de La Fere"]
[Site "La Fere (FRA)"]
[Date "2009.07.11"]
[Round "9.31"]
[White "Molet, Asher"]
[Black "Blondel, Francis"]
[Result "1-0"]
[WhiteElo "1900"]
[BlackElo "1616"]
[PlyCount "47"]
[EventDate "2009.??.??"]

1. d4 Nf6 2. Nf3 e6 3. Bg5 Be7 4. Nbd2 d5 5. e3 O-O 6. Bd3 Nbd7 7. c3 c5 8. Ne5
c4 9. Bc2 Re8 10. f4 Nxe5 11. fxe5 Nd7 12. Bxe7 Qxe7 13. Nf3 Nf8 14. O-O b5 15.
Qe1 a5 16. a3 Rb8 17. Qg3 h6 18. h4 b4 19. axb4 axb4 20. Nh2 Nh7 21. Ng4 Kh8
22. Qf4 Qxh4 23. Bxh7 Kxh7 24. Nf6+ 1-0

[Event "8eme Open International de La Fere"]
[Site "La Fere (FRA)"]
[Date "2009.07.11"]
[Round "9.32"]
[White "Siauve, Julien"]
[Black "Louis, Andre"]
[Result "1-0"]
[WhiteElo "1678"]
[BlackElo "1862"]
[PlyCount "111"]
[EventDate "2009.??.??"]

1. e4 c5 2. Nc3 Nc6 3. g3 g6 4. Bg2 Bg7 5. Nge2 e6 6. O-O Nge7 7. d3 O-O 8. Be3
d6 9. f4 b6 10. g4 d5 11. Bf2 d4 12. Nb1 f5 13. gxf5 exf5 14. Nd2 Qc7 15. Bg3
Be6 16. Kh1 Rad8 17. Ng1 b5 18. Ngf3 Kh8 19. Qe2 Nb4 20. Nb3 c4 21. Be1 a5 22.
Bxb4 axb4 23. Nbd2 c3 24. Nb3 Nc6 25. e5 Bh6 26. Ng1 Na5 27. h4 Nxb3 28. axb3
Qe7 29. Qf2 Rc8 30. Rfb1 Rfd8 31. Ne2 Qc5 32. bxc3 bxc3 33. Ra5 Qb4 34. Ra2 Qc5
35. Kh2 Bd5 36. Bxd5 Qxd5 37. Qg2 Qxg2+ 38. Kxg2 Bg7 39. Kf3 h6 40. Rg1 Kh7 41.
Ra6 Bf8 42. Rgxg6 Ra8 43. Ng3 Rxa6 44. Rxa6 b4 45. h5 Bc5 46. Nxf5 Rf8 47.
Rxh6+ Kg8 48. Ke4 Ra8 49. Rg6+ Kh7 50. Nxd4 Ra1 51. Ne6 Re1+ 52. Kf5 Bf2 53.
Ng5+ Kh8 54. h6 Bh4 55. Nf7+ Kh7 56. Rg7# 1-0

[Event "8eme Open International de La Fere"]
[Site "La Fere (FRA)"]
[Date "2009.07.11"]
[Round "9.33"]
[White "Neumair, Cedric"]
[Black "Herman, Jose"]
[Result "1-0"]
[WhiteElo "1845"]
[BlackElo "1620"]
[PlyCount "131"]
[EventDate "2009.??.??"]

1. d4 d5 2. c4 e6 3. Nc3 Nf6 4. cxd5 exd5 5. Bg5 Be7 6. Qc2 Be6 7. e3 Nc6 8. a3
a6 9. Bd3 h6 10. Bh4 Qd7 11. Nge2 Nh5 12. Bxe7 Nxe7 13. Na4 O-O 14. Nc5 Qc8 15.
O-O Nf6 16. Rfc1 c6 17. b4 Nd7 18. Nb3 Kh8 19. Rab1 Ng8 20. a4 Qd8 21. b5 cxb5
22. axb5 Qh4 23. bxa6 bxa6 24. g3 Qg4 25. Nf4 h5 26. Qe2 Ngf6 27. Qxg4 Bxg4 28.
Nc5 Nxc5 29. Rxc5 Bf3 30. Rc7 g5 31. Ng2 Kg7 32. Rbb7 a5 33. h4 Bxg2 34. Kxg2
g4 35. Ra7 a4 36. Rxf7+ Rxf7 37. Rxa8 Rb7 38. Rxa4 Kf7 39. Ra2 Rb3 40. Bc2 Rc3
41. Kf1 Rc7 42. Ke2 Re7 43. Kd2 Rc7 44. e4 dxe4 45. Bb3+ Ke7 46. Rc2 Ra7 47.
Ke3 Rb7 48. Ba4 Ra7 49. Bc6 Rc7 50. Bxe4 Ra7 51. Kf4 Rd7 52. Rd2 Rc7 53. Bg6
Rd7 54. Re2+ Kf8 55. Kg5 Kg7 56. Re5 Nd5 57. Bxh5 Rd6 58. Kxg4 Nf6+ 59. Kh3
Rxd4 60. Bf3 Nd7 61. Rd5 Rxd5 62. Bxd5 Ne5 63. f4 Ng6 64. h5 Ne7 65. Be4 Kh6
66. g4 1-0

[Event "8eme Open International de La Fere"]
[Site "La Fere (FRA)"]
[Date "2009.07.11"]
[Round "9.34"]
[White "Poulain, Andre"]
[Black "Turlin, Simon"]
[Result "1-0"]
[WhiteElo "1820"]
[BlackElo "1610"]
[PlyCount "53"]
[EventDate "2009.??.??"]

1. e4 e6 2. d4 d5 3. Nd2 Nf6 4. e5 Nfd7 5. Bd3 c5 6. c3 Nc6 7. Ne2 Qb6 8. Nf3
cxd4 9. cxd4 Be7 10. O-O O-O 11. Re1 f6 12. exf6 Nxf6 13. Nc3 Bd7 14. Rb1 Bd6
15. Be3 Qc7 16. Nb5 Qb8 17. Nxd6 Qxd6 18. Ne5 Nxe5 19. dxe5 Qxe5 20. Bc5 Qf4
21. Bxf8 Ng4 22. Bd6 Qxf2+ 23. Kh1 Qh4 24. Bg3 Qxg3 25. hxg3 Nf2+ 26. Kg1 Nxd1
27. Rbxd1 1-0

[Event "8eme Open International de La Fere"]
[Site "La Fere (FRA)"]
[Date "2009.07.11"]
[Round "9.35"]
[White "Tawegoum, Ivan"]
[Black "Belloc, Sidonie"]
[Result "0-1"]
[WhiteElo "1490"]
[BlackElo "1792"]
[PlyCount "108"]
[EventDate "2009.??.??"]

1. e4 c5 2. Nf3 Nc6 3. d4 cxd4 4. Nxd4 Nf6 5. Nc3 a6 6. Be3 e6 7. Bd3 Be7 8.
O-O O-O 9. Nxc6 dxc6 10. Qf3 Qc7 11. Rfe1 e5 12. Qg3 Re8 13. a3 b5 14. h3 Bb7
15. Bh6 Bf8 16. Bg5 Be7 17. Bh6 Nh5 18. Qg4 g6 19. Qf3 Ng7 20. Ne2 Ne6 21. Ng3
Nd4 22. Qd1 Rad8 23. c3 Ne6 24. Be3 c5 25. Qe2 c4 26. Bc2 Nc5 27. Red1 h5 28.
Nxh5 gxh5 29. Qxh5 Rxd1+ 30. Rxd1 Bf8 31. f4 Bxe4 32. Bxe4 Nxe4 33. fxe5 Qxe5
34. Qg4+ Qg7 35. Qf4 Qg3 36. Qxg3+ Nxg3 37. Bg5 Bc5+ 38. Kh2 Ne4 39. Rd5 Bd6+
40. Kg1 Re5 41. Rxe5 Bxe5 42. Be7 Bf4 43. g4 Bc1 44. h4 Bxb2 45. Kg2 Bxc3 46.
Kf3 Nf6 47. g5 Nh7 48. Kf4 Bd2+ 49. Kf5 a5 50. g6 fxg6+ 51. Kxg6 c3 52. h5 c2
53. Bf6 c1=Q 54. Bg7 Qc2# 0-1

[Event "8eme Open International de La Fere"]
[Site "La Fere (FRA)"]
[Date "2009.07.11"]
[Round "9.36"]
[White "Wolfangel, Jocelyne"]
[Black "Dagnicourt, Francis"]
[Result "0-1"]
[WhiteElo "1410"]
[BlackElo "1765"]
[PlyCount "106"]
[EventDate "2009.??.??"]

1. d4 Nf6 2. c4 g6 3. Nc3 Bg7 4. e4 d6 5. Be3 c5 6. Nf3 Qa5 7. Qd2 Bg4 8. Be2
O-O 9. O-O Bxf3 10. Bxf3 Nc6 11. e5 dxe5 12. d5 Nd4 13. Be2 Rad8 14. Nb5 Qxd2
15. Bxd2 Nxe2+ 16. Kh1 a6 17. Nc3 Nd4 18. f3 Nd7 19. Bg5 f6 20. Bh4 Rde8 21.
Rab1 f5 22. Bf2 Nf6 23. Na4 Nd7 24. b3 b5 25. Nc3 b4 26. Na4 e4 27. Rbd1 f4 28.
fxe4 Be5 29. Nb2 Nf6 30. Nd3 Nd7 31. Bxd4 Bxd4 32. Nxf4 Be5 33. Ne6 Rxf1+ 34.
Rxf1 Nf6 35. Nxc5 a5 36. Nd3 Bd4 37. e5 Ng4 38. h3 Nxe5 39. Nxe5 Bxe5 40. Re1
Bd6 41. Rf1 Kg7 42. Kg1 e6 43. dxe6 Rxe6 44. Rc1 Bc5+ 45. Kf1 Rf6+ 46. Ke2 Rf2+
47. Kd1 Rxg2 48. Rc2 Rxc2 49. Kxc2 Kf6 50. Kd3 Ke5 51. Ke2 Kf4 52. h4 Kg3 53.
h5 gxh5 0-1

[Event "8eme Open International de La Fere"]
[Site "La Fere (FRA)"]
[Date "2009.07.11"]
[Round "9.37"]
[White "Van Poucke, Anthony"]
[Black "Boudier, Eric"]
[Result "0-1"]
[WhiteElo "1400"]
[BlackElo "1883"]
[PlyCount "114"]
[EventDate "2009.??.??"]

1. e4 d5 2. exd5 Nf6 3. Bb5+ Bd7 4. Bxd7+ Qxd7 5. d4 Qxd5 6. Nf3 Nc6 7. Nc3 Qh5
8. Bg5 O-O-O 9. Qd3 e6 10. O-O-O h6 11. Be3 Qa5 12. Qb5 Qxb5 13. Nxb5 a6 14.
Nc3 Bb4 15. Ne5 Nxe5 16. dxe5 Ng4 17. Bd4 Bxc3 18. Bxc3 Nxf2 19. Rxd8+ Rxd8 20.
Rf1 Ne4 21. Rxf7 Rg8 22. Re7 Rf8 23. Kd1 Rf1+ 24. Ke2 Rf5 25. Rxe6 Kd7 26. Rg6
Nxc3+ 27. bxc3 Rxe5+ 28. Kd3 Re7 29. Rg4 Kd6 30. Re4 Rf7 31. Rd4+ Kc6 32. Rc4+
Kb6 33. Rb4+ Ka7 34. Ke3 c5 35. Rf4 Re7+ 36. Re4 Rd7 37. Re5 Kb6 38. a4 Ka5 39.
Rxc5+ Kxa4 40. Rc4+ Ka5 41. Rb4 b5 42. Rd4 Rc7 43. Kd3 Kb6 44. c4 b4 45. c5+
Kb5 46. c3 bxc3 47. Rc4 Rd7+ 48. Kxc3 Rc7 49. Rb4+ Kxc5 50. Rc4+ Kb6 51. Rxc7
Kxc7 52. Kb4 Kb6 53. g3 g5 54. h4 g4 55. h5 a5+ 56. Ka4 Kc5 57. Kxa5 Kd5 0-1

[Event "8eme Open International de La Fere"]
[Site "La Fere (FRA)"]
[Date "2009.07.11"]
[Round "9.38"]
[White "Vandervorst, Marc"]
[Black "Woyave, Pascal"]
[Result "0-1"]
[WhiteElo "1876"]
[BlackElo "1630"]
[PlyCount "122"]
[EventDate "2009.??.??"]

1. e4 e6 2. d4 d5 3. Nc3 Bb4 4. e5 c5 5. Bd2 Ne7 6. Nb5 Bxd2+ 7. Qxd2 O-O 8.
Nf3 cxd4 9. Nbxd4 Nbc6 10. Nxc6 bxc6 11. Bd3 a5 12. O-O Ba6 13. Rfe1 Bxd3 14.
Qxd3 c5 15. b3 Qc7 16. Ng5 Ng6 17. Re3 c4 18. Qe2 h6 19. Nh3 Rfc8 20. c3 Rab8
21. Rb1 Qc5 22. g3 Ne7 23. Nf4 Nf5 24. Rf3 d4 25. Qe1 Qc6 26. Qd1 cxb3 27. axb3
dxc3 28. Rc1 c2 29. Qd3 Rxb3 30. Qxb3 Nd4 31. Qa3 Nxf3+ 32. Kg2 Nxe5+ 33. f3
Qc3 34. Qxc3 Rxc3 35. Ne2 Nd3 36. Ra1 c1=Q 37. Nxc1 Rc2+ 38. Kh3 Nf2+ 39. Kh4
g5+ 40. Kh5 Kg7 41. Ra2 Rxa2 42. Nxa2 f5 43. Nc3 Nd3 44. h4 f4 45. gxf4 gxh4
46. Kxh4 Nxf4 47. Kg4 Nd5 48. Na4 Kg6 49. Nc5 h5+ 50. Kg3 Kf5 51. Kh4 Nf4 52.
Kg3 e5 53. Kh4 Ne6 54. Na4 Kf4 55. Kxh5 Kxf3 56. Kg6 e4 57. Kf5 Nd4+ 58. Ke5
Nb5 59. Kd5 e3 60. Kc4 Na3+ 61. Kb3 e2 0-1

[Event "8eme Open International de La Fere"]
[Site "La Fere (FRA)"]
[Date "2009.07.11"]
[Round "9.40"]
[White "Rigolot, Lucie"]
[Black "Ruhant, Anthony"]
[Result "1-0"]
[WhiteElo "1806"]
[BlackElo "1648"]
[PlyCount "131"]
[EventDate "2009.??.??"]

1. e4 e5 2. Nf3 Nc6 3. Bb5 Bc5 4. O-O d6 5. d4 exd4 6. Nxd4 Bd7 7. Nf5 g6 8.
Ne3 Qf6 9. Nd5 Qd8 10. Nbc3 a6 11. Bc4 Ne5 12. Be2 c6 13. Ne3 Be6 14. b3 Nf6
15. h3 Bb4 16. Bb2 Bxc3 17. Bxc3 Nxe4 18. Bb2 Rg8 19. Re1 Qh4 20. Rf1 O-O-O 21.
b4 f5 22. f4 Nf7 23. Qe1 Qh6 24. h4 Qf8 25. a4 h6 26. b5 axb5 27. axb5 c5 28.
Ra7 d5 29. b6 Nfd6 30. Qa5 Kd7 31. Bb5+ Ke7 32. Bc6 Rb8 33. Nxd5+ Bxd5 34. Bxd5
g5 35. Be5 gxh4 36. Bxd6+ Kxd6 37. Bxg8 Qxg8 38. Rd1+ Ke7 39. Qe1 Qg4 40. Rd3
Qxf4 41. Rh3 Kf6 42. Rxh4 Qg5 43. Rh3 Rg8 44. Qa1+ Ke6 45. Qa2+ Kf6 46. Qb2+
Ke6 47. c4 Nd2 48. Rg3 Qxg3 49. Qxd2 Qg7 50. Qd5+ Kf6 51. Rxb7 Qf8 52. Rd7 Rg4
53. b7 Qe8 54. Qf7+ Qxf7 55. Rxf7+ Kxf7 56. b8=Q h5 57. Qc7+ Kg6 58. Qxc5 h4
59. Qd6+ Kg5 60. Qe7+ Kg6 61. Kh2 Re4 62. Qd6+ Kg5 63. c5 Kg4 64. c6 Kg5 65. c7
Re8 66. Qd8+ 1-0

[Event "8eme Open International de La Fere"]
[Site "La Fere (FRA)"]
[Date "2009.07.11"]
[Round "9.41"]
[White "Fauchart, Francois"]
[Black "Jimenez, Martin"]
[Result "0-1"]
[WhiteElo "1653"]
[BlackElo "1798"]
[PlyCount "92"]
[EventDate "2009.??.??"]

1. d4 d5 2. Nf3 Nf6 3. Bf4 c6 4. h3 Qb6 5. Qc1 Bf5 6. e3 e6 7. Nbd2 Be7 8. c3
O-O 9. Be2 Nbd7 10. O-O c5 11. Bh2 Rac8 12. Re1 h6 13. Bd1 Ne4 14. Bc2 Ndf6 15.
Nxe4 Nxe4 16. Ne5 Rfd8 17. f3 Nd6 18. e4 cxd4 19. Bg3 dxe4 20. fxe4 Bg5 21. Qd1
Nxe4 22. Bxe4 dxc3+ 23. Bf2 Rxd1 24. Bxb6 Rxa1 25. Rxa1 cxb2 26. Rb1 Rc1+ 27.
Kf2 Rxb1 28. Bxb1 Bxb1 29. Bd4 Bc1 30. Nc4 Bxa2 31. Nxb2 Bxb2 32. Bxb2 a5 33.
Ke3 g6 34. g3 Kf8 35. Kd4 b5 36. Kc5 Bc4 37. Be5 a4 38. Kb4 Ke7 39. Bg7 h5 40.
h4 f6 41. Bh6 e5 42. Be3 Ke6 43. Bc5 g5 44. hxg5 fxg5 45. Kc3 Kf5 46. Kc2 h4
0-1

[Event "8eme Open International de La Fere"]
[Site "La Fere (FRA)"]
[Date "2009.07.11"]
[Round "9.42"]
[White "Guille, Nicolas"]
[Black "Calonne, Pascal"]
[Result "1-0"]
[WhiteElo "1782"]
[BlackElo "1545"]
[PlyCount "53"]
[EventDate "2009.??.??"]

1. e4 c5 2. Nf3 e6 3. d4 cxd4 4. Nxd4 a6 5. Bc4 Qc7 6. Bb3 b5 7. Nd2 Bb7 8. f3
Bc5 9. Nf1 Nc6 10. Be3 Qb6 11. c3 Na5 12. Bxe6 dxe6 13. b4 Nc6 14. bxc5 Qxc5
15. Nxe6 Qxc3+ 16. Bd2 Qe5 17. Nf4 Rd8 18. Nd5 Rxd5 19. Ne3 Rd3 20. O-O Nge7
21. Nf5 O-O 22. Qc2 Rfd8 23. Rad1 Qb8 24. Bf4 Qxf4 25. Nxe7+ Nxe7 26. Rxd3 Rc8
27. Qxc8+ 1-0

[Event "8eme Open International de La Fere"]
[Site "La Fere (FRA)"]
[Date "2009.07.11"]
[Round "9.43"]
[White "Brelot, Loic"]
[Black "Remy, Camille"]
[Result "1-0"]
[WhiteElo "1756"]
[BlackElo "1500"]
[PlyCount "69"]
[EventDate "2009.??.??"]

1. d4 d5 2. c4 c6 3. Nc3 Nf6 4. Nf3 Bg4 5. e3 e6 6. cxd5 cxd5 7. Bd3 Nc6 8. O-O
Bb4 9. Bd2 O-O 10. Rc1 Bxc3 11. Bxc3 Ne4 12. Be2 Nxc3 13. Rxc3 Bxf3 14. Bxf3
Rc8 15. Qa4 a6 16. Rfc1 Qd7 17. Be2 a5 18. Bb5 Rc7 19. Bxc6 bxc6 20. Rxc6 Ra7
21. Qc2 Rb8 22. Rc8+ Qd8 23. Rxd8+ Rxd8 24. Qc5 Raa8 25. h3 h6 26. Qa3 Ra6 27.
Rc7 Kh7 28. Qe7 Raa8 29. Qxf7 Rg8 30. Qxe6 Rae8 31. Qxd5 Ra8 32. Qe4+ Kh8 33.
d5 Rad8 34. Qd3 Rd6 35. e4 1-0

[Event "8eme Open International de La Fere"]
[Site "La Fere (FRA)"]
[Date "2009.07.11"]
[Round "9.44"]
[White "Pruvost, Alain"]
[Black "Durot, Edwige"]
[Result "1/2-1/2"]
[WhiteElo "1602"]
[BlackElo "1741"]
[PlyCount "95"]
[EventDate "2009.??.??"]

1. b4 b6 2. Bb2 Bb7 3. c4 Nc6 4. b5 Na5 5. e3 e6 6. Nf3 Nf6 7. Bc3 c6 8. Bxa5
bxa5 9. a4 Bb4 10. Be2 a6 11. bxc6 Bxc6 12. O-O d6 13. Nd4 Bd7 14. Bf3 Rc8 15.
Bb7 Rxc4 16. Bxa6 Rc5 17. Bb5 O-O 18. Bxd7 Qxd7 19. Nc2 Rfc8 20. Nxb4 axb4 21.
Qb3 Qc7 22. d4 Rc1 23. Nd2 Rxf1+ 24. Rxf1 Qc3 25. Qa2 Qa3 26. Qxa3 bxa3 27. Ra1
Rc3 28. Kf1 Nd5 29. Nb1 Rc1+ 30. Ke2 Nb4 31. Rxa3 Rxb1 32. a5 Rb2+ 33. Kf3 g6
34. a6 Nxa6 35. Rxa6 d5 36. h4 Kg7 37. g3 Kf6 38. Ra7 Rc2 39. Rb7 h6 40. Ra7 g5
41. hxg5+ hxg5 42. g4 Kg6 43. Ra6 Kg7 44. Ra7 Kf6 45. Ra6 Ke7 46. Ra7+ Kf6 47.
Ra6 Kg7 48. Ra7 1/2-1/2

[Event "8eme Open International de La Fere"]
[Site "La Fere (FRA)"]
[Date "2009.07.11"]
[Round "9.45"]
[White "Lever, Erwan"]
[Black "Adelise, Theo"]
[Result "0-1"]
[WhiteElo "1601"]
[BlackElo "1735"]
[PlyCount "156"]
[EventDate "2009.??.??"]

1. d4 Nf6 2. Nf3 g6 3. Bf4 Bg7 4. e3 O-O 5. Bc4 d6 6. c3 Nbd7 7. Nbd2 a6 8. O-O
c5 9. a4 cxd4 10. exd4 Nb6 11. Qb3 Nxc4 12. Nxc4 Be6 13. Ng5 Bxc4 14. Qxc4 Qc8
15. Qb3 Rb8 16. Rfe1 Qf5 17. Bd2 e6 18. Re2 h6 19. Nf3 Qd5 20. Qc2 Rfe8 21. Bf4
Rbd8 22. Rae1 Qc6 23. Nd2 Nd5 24. Bg3 Bxd4 25. Nf3 Bg7 26. Qe4 Nf6 27. Qxc6
bxc6 28. Rd1 Bf8 29. Nd4 Rc8 30. Nc2 d5 31. Nd4 c5 32. Nf3 Nd7 33. Ne5 Nxe5 34.
Bxe5 Bg7 35. f3 Bxe5 36. Rxe5 Rb8 37. Rd2 Kf8 38. Kf2 Rb6 39. Ke1 Reb8 40. Ree2
f5 41. Kd1 Kf7 42. Kc1 g5 43. g3 Rd6 44. Re5 Kf6 45. Rde2 h5 46. h3 Rh8 47.
R5e3 d4 48. Rd3 Rhd8 49. Red2 e5 50. cxd4 Rxd4 51. Rxd4 Rxd4 52. Rc2 Rd5 53.
Rc3 Ke6 54. Kc2 Kd6 55. Rc4 Rd4 56. Rc3 Rxa4 57. Rb3 Rc4+ 58. Kd3 Rb4 59. Ra3
c4+ 60. Kc2 Rb3 61. Rxa6+ Kd5 62. Rg6 Rxf3 63. Rxg5 e4 64. Rxh5 Rxg3 65. Rxf5+
Kd4 66. h4 Rg2+ 67. Kd1 Rxb2 68. h5 Rh2 69. Ke1 c3 70. Ra5 e3 71. Ra4+ Kd3 72.
Kf1 e2+ 73. Kg1 e1=Q+ 74. Kxh2 Qe5+ 75. Kg2 Qxh5 76. Ra3 Qe2+ 77. Kg1 Kd2 78.
Ra2+ c2 0-1

[Event "8eme Open International de La Fere"]
[Site "La Fere (FRA)"]
[Date "2009.07.11"]
[Round "9.46"]
[White "Parent, Henri"]
[Black "Vernede, Victor"]
[Result "1/2-1/2"]
[WhiteElo "1600"]
[BlackElo "1720"]
[PlyCount "52"]
[EventDate "2009.??.??"]

1. e4 e6 2. Qe2 c5 3. Nc3 Nc6 4. Nf3 a6 5. d3 Qc7 6. Be3 Nf6 7. g3 Be7 8. Bg2
b6 9. O-O Bb7 10. Rfd1 O-O 11. d4 h6 12. d5 Nb8 13. d6 Bxd6 14. Rxd6 Qxd6 15.
e5 Qe7 16. exf6 Qxf6 17. Rd1 d5 18. Bf4 Nd7 19. Ne5 Nxe5 20. Bxe5 Qe7 21. h4 f6
22. Bf4 Rfe8 23. Qg4 g5 24. hxg5 hxg5 25. Re1 Rad8 26. Bh3 Bc8 1/2-1/2

[Event "8eme Open International de La Fere"]
[Site "La Fere (FRA)"]
[Date "2009.07.11"]
[Round "9.48"]
[White "Neumair, Dorian"]
[Black "Khalfaoui, Mathias"]
[Result "1/2-1/2"]
[WhiteElo "1196"]
[BlackElo "1680"]
[PlyCount "64"]
[EventDate "2009.??.??"]

1. e4 e5 2. Nf3 Nc6 3. Bc4 Bc5 4. Nc3 Nf6 5. d3 h6 6. O-O d6 7. Be3 Bb6 8. h3
O-O 9. Bxb6 axb6 10. Re1 Be6 11. Bb3 Bxb3 12. axb3 Qd7 13. Qd2 Rfe8 14. Rxa8
Rxa8 15. d4 exd4 16. Nxd4 Re8 17. Nf5 Nxe4 18. Nxh6+ gxh6 19. Rxe4 Rxe4 20.
Nxe4 Qe6 21. Ng3 Qf6 22. c3 Na5 23. b4 Nc4 24. Qe2 Ne5 25. Qe4 Qg6 26. Qxb7
Qb1+ 27. Kh2 Qxb2 28. Qc8+ Kg7 29. Qxc7 Qxf2 30. Qb7 Ng6 31. c4 Nf4 32. Qe4 Kf6
1/2-1/2

[Event "8eme Open International de La Fere"]
[Site "La Fere (FRA)"]
[Date "2009.07.11"]
[Round "9.49"]
[White "Honorable, Nicolas"]
[Black "Barbry, Quentin"]
[Result "1-0"]
[WhiteElo "1220"]
[BlackElo "1564"]
[PlyCount "77"]
[EventDate "2009.??.??"]

1. e4 e5 2. Nf3 Nc6 3. Bc4 Bc5 4. d3 d6 5. h3 Nf6 6. Bg5 Be6 7. Nbd2 Qe7 8. Bd5
Bxd5 9. exd5 Nb4 10. a3 Nbxd5 11. b4 Bb6 12. c4 Nf4 13. Ne4 Ng6 14. Qa4+ c6 15.
b5 Rc8 16. bxc6 bxc6 17. O-O O-O 18. Qc2 d5 19. Ng3 h6 20. Nf5 Qe6 21. Bxf6
Qxf5 22. Bh4 Nf4 23. Rfd1 Nxh3+ 24. gxh3 Qxf3 25. c5 Bd8 26. Bg3 Bf6 27. Rab1
Rc7 28. d4 Re7 29. dxe5 Bg5 30. Re1 Bf4 31. Rb3 Qh5 32. Bxf4 Qg6+ 33. Qxg6 fxg6
34. Bg3 Rff7 35. e6 Rf6 36. Rbe3 g5 37. Bd6 Re8 38. e7 Kf7 39. Rb3 1-0

[Event "8eme Open International de La Fere"]
[Site "La Fere (FRA)"]
[Date "2009.07.11"]
[Round "9.50"]
[White "Wolfangel, Claude"]
[Black "Belloc, Clemence"]
[Result "1/2-1/2"]
[WhiteElo "1757"]
[BlackElo "1300"]
[PlyCount "75"]
[EventDate "2009.??.??"]

1. d4 d5 2. c4 c6 3. Nf3 Bf5 4. Nc3 e6 5. e3 Nf6 6. Nh4 Bg6 7. Nxg6 fxg6 8. b3
Bb4 9. Bb2 Ne4 10. Rc1 Qa5 11. Qc2 O-O 12. f3 Nf6 13. Bd3 Nbd7 14. O-O e5 15.
a3 Bd6 16. cxd5 Nxd5 17. b4 Qc7 18. Nxd5 Qb8 19. Nc3 exd4 20. Ne4 Bxh2+ 21. Kh1
dxe3 22. Qc3 Be5 23. Qc4+ Kh8 24. Bxe5 Qxe5 25. g3 Qh5+ 26. Kg2 Rf5 27. Rh1
Qxf3+ 28. Kg1 Nf6 29. Rf1 Qg4 30. Rxf5 Qxf5 31. Qc2 Nxe4 32. Bxe4 Qg4 33. Bxg6
Qxg3+ 34. Qg2 Qe1+ 35. Kh2 Qh4+ 36. Kg1 Qe1+ 37. Qf1 Qg3+ 38. Qg2 1/2-1/2

[Event "8eme Open International de La Fere"]
[Site "La Fere (FRA)"]
[Date "2009.07.11"]
[Round "9.52"]
[White "Duquenne, Eddy"]
[Black "Siegfried, Francois"]
[Result "1-0"]
[WhiteElo "1499"]
[BlackElo "1360"]
[PlyCount "59"]
[EventDate "2009.??.??"]

1. d4 d5 2. c4 c6 3. Nf3 e6 4. e3 Nf6 5. Be2 Bb4+ 6. Nbd2 O-O 7. O-O Be7 8. Bd3
Nbd7 9. b3 Bd6 10. e4 dxe4 11. Nxe4 Bb8 12. Neg5 g6 13. Re1 Re8 14. Bb2 Qc7 15.
Ne5 Nxe5 16. dxe5 Nd7 17. Qg4 Nf8 18. Ne4 Rd8 19. Nf6+ Kh8 20. Qh3 a6 21. Re4
Ba7 22. Rh4 h5 23. g4 Qb6 24. Rf1 Nh7 25. gxh5 Ng5 26. hxg6+ Kg7 27. Rh7+ Kf8
28. Qh6+ Ke7 29. Qxg5 Bd7 30. Rxf7# 1-0

[Event "8eme Open International de La Fere"]
[Site "La Fere (FRA)"]
[Date "2009.07.11"]
[Round "9.54"]
[White "Cassol, Robert"]
[Black "Brugge, Rodolphe"]
[Result "0-1"]
[WhiteElo "1430"]
[BlackElo "1220"]
[PlyCount "70"]
[EventDate "2009.??.??"]

1. e4 c5 2. Nf3 Nc6 3. Nc3 d6 4. Bc4 Nf6 5. O-O g6 6. d4 cxd4 7. Nxd4 Nxd4 8.
Qxd4 Bg7 9. Be3 O-O 10. Qd2 Ng4 11. Rad1 Nxe3 12. Qxe3 Bg4 13. f3 Bd7 14. f4
Qb6 15. Qxb6 axb6 16. e5 Rfd8 17. exd6 exd6 18. Rxd6 Rac8 19. Bb3 Bxc3 20. bxc3
Rxc3 21. Rf6 Be6 22. Bxe6 fxe6 23. Rxe6 Rxc2 24. Rfe1 Rdd2 25. R6e2 Rxe2 26.
Rxe2 Rxe2 27. a4 Rb2 28. h4 b5 29. axb5 Rxb5 30. Kf2 h5 31. g4 hxg4 32. Kg3 Rc5
33. Kxg4 b5 34. h5 gxh5+ 35. Kh4 b4 0-1

[Event "8eme Open International de La Fere"]
[Site "La Fere (FRA)"]
[Date "2009.07.11"]
[Round "9.56"]
[White "Jacob, Guillaume"]
[Black "Landon, Boris"]
[Result "0-1"]
[WhiteElo "1150"]
[BlackElo "1390"]
[PlyCount "38"]
[EventDate "2009.??.??"]

1. d4 d5 2. c4 Nf6 3. Nc3 c6 4. e3 Bf5 5. Bd3 Ne4 6. Nf3 Nxc3 7. bxc3 Bxd3 8.
Qxd3 e6 9. c5 Nd7 10. Ba3 Be7 11. Rb1 Rb8 12. O-O Qa5 13. Rb3 Qa4 14. Nd2 O-O
15. c4 Rfe8 16. Rb4 Qa5 17. Nb3 Qxa3 18. Qc3 b6 19. Nc1 Qxc3 0-1

[Event "8eme Open International de La Fere"]
[Site "La Fere (FRA)"]
[Date "2009.07.11"]
[Round "9.61"]
[White "Rouffignac, Marie"]
[Black "Nesztler, Lambert"]
[Result "1-0"]
[WhiteElo "1410"]
[BlackElo "1499"]
[PlyCount "105"]
[EventDate "2009.??.??"]

1. e4 e6 2. d4 d5 3. exd5 exd5 4. Nf3 c5 5. Bf4 Bd6 6. Qd2 Nf6 7. Bxd6 Qxd6 8.
Nc3 Nc6 9. Bb5 O-O 10. Bxc6 Qxc6 11. O-O-O Qa6 12. dxc5 Be6 13. Qd3 Qxd3 14.
Rxd3 Ng4 15. Rf1 Rac8 16. h3 Nf6 17. b4 Rfd8 18. Ng1 Ne4 19. Nxe4 dxe4 20.
Rxd8+ Rxd8 21. a3 g6 22. f3 Bc4 23. Re1 exf3 24. Nxf3 Bb5 25. Re7 Bc6 26. h4
Re8 27. Rxe8+ Bxe8 28. Kd2 Bb5 29. Ke3 b6 30. cxb6 axb6 31. Kd4 Ba4 32. c4 Bd7
33. c5 b5 34. Kd5 Kf8 35. c6 Bf5 36. Kc5 Ke8 37. Kxb5 Kd8 38. Ne5 Be6 39. a4
Kc7 40. Nd7 Bd5 41. Ne5 Bxg2 42. a5 f6 43. Nc4 Bxc6+ 44. Kc5 g5 45. hxg5 fxg5
46. b5 Bxb5 47. Kxb5 g4 48. a6 Kb8 49. Kb6 g3 50. a7+ Ka8 51. Ne3 h5 52. Nd5 g2
53. Nc7# 1-0